Cómo evaluar las acciones de capacitación (Registro nro. 21610)

Detalles MARC
000 -Cabecera
Campo de control interno 00922nam a2200217Ia 4500
005 - Fecha y hora del registro
control field 20260420125819.0
008 - Elementos de Longitud Fija
fixed length control field 260320s9999||||xx |||||||||||||| ||und||
041 ## - Idioma
Codigo Idioma ESP
082 ## - DEWEY y NOTACIÓN INTERNA
Dewey 658.3124
Notación Interna P17
100 ## - AUTOR
Autor denominación Pain, Abraham,
Término de relación autor
245 #0 - TÍTULO DE MATERIAL BIBLIOGRÁFICO
Título Cómo evaluar las acciones de capacitación
260 ## - CIUDAD, EDITORIAL, AÑO
Ciudad Lima :
Nombre de la Editorial Ediciones Granica,
Año 1991
300 ## - DESCRIPCIÓN
N° Páginas 171 páginas :
Dimensiones 22 cm.
650 ## - TEMAS
Temas Tecnología (Ciencias Aplicadas)
653 ## - DESCRIPTORES
Lenguajes no controlado Administración; Gerencia de personal; Capacitación de personal; Adiestramiento
654 ## - PROGRAMAS
Programa Dpto. de Administración de Negocios
856 ## - URL - UBICACIÓN
URI/URL: Enlace exacto del recurso <a href="https://0u213x7j5-y-https-ebooks7--24-com.itmsp.museknowledge.com/visorBook.aspx?i=10376&t=BDC118F5-BA33-4501-A06B-431CF6BE0C04">https://0u213x7j5-y-https-ebooks7--24-com.itmsp.museknowledge.com/visorBook.aspx?i=10376&t=BDC118F5-BA33-4501-A06B-431CF6BE0C04</a>
Nota pública: Versión digital <a href="Véase además: Capacitando al personal, por Enrique Louffat. Versión digital">Véase además: Capacitando al personal, por Enrique Louffat. Versión digital</a>
856 ## - URL - UBICACIÓN
URI/URL: Enlace exacto del recurso <a href="https://itmsp.museknowledge.com/UCSP?groupID=2&action=source&sourceID=eBooks724">https://itmsp.museknowledge.com/UCSP?groupID=2&action=source&sourceID=eBooks724</a>
Nota pública: Versión digital <a href="Véase además: Base de datos Ebook7-24">Véase además: Base de datos Ebook7-24</a>
942 ## - ELEMENTOS DE KOHA
Tipo de documento Libro
Nombre del creador Justo Noguera
Código de catalogador Tania Ramirez
Esquema de clasificación Dewey Decimal Classification
Existencias
Codigo completo Registro Colección Copia número Disponibilidad Tipo de préstamo Biblioteca Actual Procedencia (Biblioteca) Ubicacón Fecha Ingreso Tipo de Adquisición Observación Date last seen Total checkouts Price effective from Tipo de Item Estado del Material Fuente de Clasificación Damaged status Withdrawn status
658.3124 P17 1084991 Universidad Católica San Pablo 1 Disponible Disponible Víctor Andrés Belaunde Víctor Andrés Belaunde Planta baja cerrada 10/03/2026 Compra Contabilidad 20/03/2026   20/03/2026 Libro Bueno Dewey Decimal Classification